Perils of a restless planet : (Record no. 8851)

MARC details
000 -LEADER
fixed length control field 00882cam a2200229 a 4500
001 - CONTROL NUMBER
control field 1636236
003 - CONTROL NUMBER IDENTIFIER
control field OSt
005 - DATE AND TIME OF LATEST TRANSACTION
control field 20240625155553.0
008 - FIXED-LENGTH DATA ELEMENTS--GENERAL INFORMATION
fixed length control field 961120s1997 enka b 001 0 eng
020 ## - INTERNATIONAL STANDARD BOOK NUMBER
International Standard Book Number 0521573742
040 ## - CATALOGING SOURCE
Original cataloging agency DDC
Transcribing agency MUST
082 00 - DEWEY DECIMAL CLASSIFICATION NUMBER
Classification number 363.3 ZEB 1997
Edition number 19
100 1# - MAIN ENTRY--PERSONAL NAME
Personal name Zebrowski, Ernest.
9 (RLIN) 17887
245 10 - TITLE STATEMENT
Title Perils of a restless planet :
Remainder of title scientific perspectives on natural disasters /
Statement of responsibility, etc. Ernest Zebrowski, Jr.
260 ## - PUBLICATION, DISTRIBUTION, ETC. (IMPRINT)
Place of publication, distribution, etc. Cambridge, UK ;
-- New York :
Name of publisher, distributor, etc. Cambridge University Press,
Date of publication, distribution, etc. 1997.
300 ## - PHYSICAL DESCRIPTION
Extent xi, 306 p. :
Other physical details ill. ;
Dimensions 24 cm.
504 ## - BIBLIOGRAPHY, ETC. NOTE
Bibliography, etc Includes bibliographical references and index.
650 #0 - SUBJECT ADDED ENTRY--TOPICAL TERM
Topical term or geographic name as entry element Natural disasters.
Source of heading or term Natural Disasters
9 (RLIN) 15304
856 41 - ELECTRONIC LOCATION AND ACCESS
Materials specified Table of contents
Uniform Resource Identifier <a href="http://www.loc.gov/catdir/toc/cam023/96037794.html">http://www.loc.gov/catdir/toc/cam023/96037794.html</a>
856 42 - ELECTRONIC LOCATION AND ACCESS
Materials specified Publisher description
Uniform Resource Identifier <a href="http://www.loc.gov/catdir/description/cam028/96037794.html">http://www.loc.gov/catdir/description/cam028/96037794.html</a>
942 ## - ADDED ENTRY ELEMENTS (KOHA)
Source of classification or shelving scheme Dewey Decimal Classification
Koha item type Open Shelf
Holdings
Withdrawn status Lost status Source of classification or shelving scheme Damaged status Not for loan Home library Current library Source of acquisition Inventory number Total Checkouts Full call number Barcode Date last seen Koha item type
    Dewey Decimal Classification     MUST Main Library MUST Main Library Donation 2000/13564   363.3 ZEB 1997 2024-21330 25/06/2024 Open Shelf